00318 a2200121 4500082000800000100001700008245006400025260005100089300000700140500001500147600001700162700001700179 a350 aDorji, C. T. aAdministrative Traning in Developing CountriescC. T. Dorji aNew Delhi, IndiabVikas Publishing Housec1998 a70 aHard Cover aDorji, C. T. aDorji, C. T.